Our ministry and our son Oral. (Record no. 14243)

000 -LEADER
fixed length control field 00654nam a2200193 a 4500
001 - CONTROL NUMBER
control field :::00012072$&:&@@
003 - CONTROL NUMBER IDENTIFIER
control field OkBaRHE
005 - DATE AND TIME OF LATEST TRANSACTION
control field 20000607103415.0
008 - FIXED-LENGTH DATA ELEMENTS--GENERAL INFORMATION
fixed length control field s1961 j 000 0 eng u
040 ## - CATALOGING SOURCE
Transcribing agency
100 1# - MAIN ENTRY--PERSONAL NAME
Personal name Roberts, E. M. and Roberts, Claudius.
245 10 - TITLE STATEMENT
Title Our ministry and our son Oral.
260 ## - PUBLICATION, DISTRIBUTION, ETC. (IMPRINT)
Place of publication, distribution, etc Tulsa, OK., :
Name of publisher, distributor, etc Oral Roberts
Date of publication, distribution, etc c1961
300 ## - PHYSICAL DESCRIPTION
Extent 77 p.
650 ## - SUBJECT ADDED ENTRY--TOPICAL TERM
Topical term or geographic name as entry element Roberts, Oral Biography
942 ## - ADDED ENTRY ELEMENTS (KOHA)
Source of classification or shelving scheme
Koha item type Books
Copies
Withdrawn status Damaged status Source of classification or shelving scheme Copy number Permanent Location Koha item type Date acquired Not for loan Date last seen Lost status Barcode Full call number Price effective from Shelving location
   1RHEMA Bible Training CollegeBooks2010-04-14 2010-04-14 12072BX 8776 .Z8R62010-04-14General Stacks
   2RHEMA Bible Training CollegeBooks2010-04-14 2010-04-14 20205BX 8776 .Z8R62010-04-14General Stacks